ბათუმის შოთა რუსთაველის სახელმწიფო უნივერსიტეტის ბიბლიოთეკა

ქართული ზეპირსიტყვიერების საგანძური:1 (ბიბ.ჩანაწერი № 49322)

000 -LEADER
fixed length control field 01035nam a2200253Ia 4500
001 - CONTROL NUMBER
control field 16238
003 - CONTROL NUMBER IDENTIFIER
control field GE_BSU
008 - FIXED-LENGTH DATA ELEMENTS--GENERAL INFORMATION
fixed length control field 181216s||||||||xx |||||||||||||| ||und||
020 ## - INTERNATIONAL STANDARD BOOK NUMBER
International Standard Book Number 9789941163166
040 ## - CATALOGING SOURCE
Transcribing agency GE_BSU
080 ## - UNIVERSAL DECIMAL CLASSIFICATION NUMBER
Universal Decimal Classification number 821.353.1-91+398
100 ## - MAIN ENTRY--PERSONAL NAME
Personal name შეადგინა შესავალი წერილი და შენიშვნ.დაურთო თეიმურაზ ქურდოვანიძემ
245 ## - TITLE STATEMENT
Title ქართული ზეპირსიტყვიერების საგანძური:1
245 ## - TITLE STATEMENT
Remainder of title თქმულება და ეპოსი
245 ## - TITLE STATEMENT
Statement of responsibility, etc. რედ:ბეგო ბეჟუაშვილი
260 ## - PUBLICATION, DISTRIBUTION, ETC.
Place of publication, distribution, etc. თბილისი
260 ## - PUBLICATION, DISTRIBUTION, ETC.
Name of publisher, distributor, etc. საქართველოს მაცნე
260 ## - PUBLICATION, DISTRIBUTION, ETC.
Date of publication, distribution, etc. 2013.
300 ## - PHYSICAL DESCRIPTION
Extent 344გვ;22სმ.
653 ## - INDEX TERM--UNCONTROLLED
Uncontrolled term ზეპირსიტყვიერება
653 ## - INDEX TERM--UNCONTROLLED
Uncontrolled term ქართული ზეპირსიტყვიერება
942 ## - ADDED ENTRY ELEMENTS (KOHA)
Koha item type წიგნი
ეგზემპლარები
Withdrawn status Lost status Damaged status Not for loan Date acquired Barcode Date last seen Price effective from Koha item type
        2018-12-17 40013 2018-12-17 2018-12-17 წიგნი